| 000 | 00766nam a2200205 a 4500 | ||
|---|---|---|---|
| 008 | 120416s1998 ||||||||||||||||| || u | ||
| 020 | _a041518343x | ||
| 020 | _a041518343X | ||
| 050 | _aT 174.5 Bra | ||
| 100 | _aBraun, Ernest, 1925- | ||
| 245 | 1 | 0 | _aTechnology in context: technology assessment for managers |
| 260 |
_aLondon: _bRoutledge _c1998 |
||
| 300 | _avii, 165 p. | ||
| 350 | _a0.00 | ||
| 490 | _aThe management of technology and innovation | ||
| 500 | _aIncludes bibliographical references (p. 160-163) and index. | ||
| 650 | _aTECHNOLOGY ASSESSMENT | ||
| 650 | _aTECHNOLOGY--MANAGEMENT | ||
| 995 |
_D0.00 _FCBU-MAIN LIBRARY (Kitwe) _H1 _I6.95 _M1 _UAVAILABLE _ZMain Library Open Access Collection |
||
| 999 |
_c59582 _d59582 |
||